header

A pattern of madness (Record no. 239506)

MARC details
000 -LEADER
fixed length control field 01296nam a2200325 a 4500
100 1# - MAIN ENTRY--AUTHOR NAME
Personal name Symington, Neville.
245 12 - TITLE STATEMENT
Title A pattern of madness
260 ## - PUBLICATION, DISTRIBUTION, ETC. (IMPRINT)
Place of publication London :
Name of publisher Karnac,
Year of publication 2002.
300 ## - PHYSICAL DESCRIPTION
Number of Pages xii, 234 p.
500 ## - GENERAL NOTE
General note Reprinted. First published in 2002 by Karnac Books Ltd.
505 0# - FORMATTED CONTENTS NOTE
Formatted contents note pt. 1. The pattern of sanity -- pt. 2. The pattern of madness -- pt. 3. The subjective experience.
650 #0 - SUBJECT ADDED ENTRY--TOPICAL TERM
Topical Term Insanity (Law)
Topical Term Narcissism.
Topical Term Mental illness.
856 40 - ELECTRONIC LOCATION AND ACCESS
Uniform Resource Identifier http://site.ebrary.com/lib/rucke/Doc?id=10428129

No items available.

© 2026 Rongo University
Contact us: librarian | system librarian | Rongo university